000 01104nam a2200301 a 4500
999 _c331323
_d331323
003 BLK
005 20250704103440.0
008 180411b bul|||||r ||||||| ||bul||
010 _aKNG00217113000
020 _a978-954-28-2362-9
040 _aBLK
041 _aBUL
_cBUL
080 _aАмериканска литература (на САЩ)
_b821.111(73)
_x-312.4
_z821.111(73)-312.4
100 1 _aМакфейдън, Коуди
_eпърви автор
_991489
139 _aМакфейдън, Коуди
_bМ 19
245 1 0 _aЧовекът сянка
_cКоуди Макфейдън ; прев. от англ. Коста Сивов.
_bРоман
257 _aUSA
260 _c2017
_9217021
_aСофия
_bСиела Норма
_fСофия : Алианс принт
300 _a446 с.
_c21 см
380 _aX
659 7 _9178160
_aН
_xНови книги
700 _aСивов, Коста Атанасов
_9383724
852 _bП
_cП 820(73)-31/М 19
856 4 _qpdf
856 4 _qpdf
942 _cKNG
_n0
_075
944 _aED
_c20.03.2018
_k30576
_lЦветомила Тодорова